Loading...
Tuhfatu Zaman /
| Main Author: | |
|---|---|
| Format: | Printed Book |
| Language: | Arabic |
| Published: |
New Delhi :
Jibouti Maktabatul Islamia Beirut ,
1986.
|
| LEADER | 00476nam a2200133Ia 4500 | ||
|---|---|---|---|
| 008 | 150624b xxu||||| |||| 00| | ara d | ||
| 100 | |a Shihabuddeen Al- Jeezani | ||
| 245 | |c Shihabuddeen Al- Jeezani |a Tuhfatu Zaman / | ||
| 260 | |a New Delhi : |b Jibouti Maktabatul Islamia Beirut , |c 1986. | ||
| 300 | |a 408 p. | ||
| 546 | |a In Arabic. | ||
| 942 | |c BK | ||
| 999 | |c 94853 |d 94853 | ||
| 952 | |0 0 |1 0 |2 ddc |4 0 |6 967_000000000000000_JEE_T |7 0 |9 94794 |a UL |b UL |c ST1 |d 1998-09-01 |l 0 |o 967 JEE/T |p 63724 |r 2012-10-27 |y BK | ||